| 000 | 00668nam a22001577a 4500 | ||
|---|---|---|---|
| 005 | 20260513124621.0 | ||
| 008 | 260513b |||||||| |||| 00| 0 eng d | ||
| 050 | _aTHE LB 2831..9 .K4 A394 2025 | ||
| 100 | _aAKINYI, ELIZABETH OKOTH. | ||
| 245 | _aPRINCIPALS' LEADERSHIP PRACTICES AND STUDENTS' ACADEMIC PERFORMANCE IN PUBLIC SCHOOLS IN KISUMU COUNTY, KENYA. | ||
| 260 |
_aKISII, _bKISII UNIVERSITY PRESS, _c2025. |
||
| 300 | _aXX, 233 P, ILL. | ||
| 500 | _aINCLUDES BIBLIOGRAPHY REFERENCES. | ||
| 650 | _aSCHOOL PRINCIPALS-KENYA- KISUMU COUNTY, 2. EDUCATIONAL LEADERSHIP IN KENYA 3.ACADEMIC ACHIEVEMENT -KENYA- KISUMU COUNTY- PERFORMANCE. | ||
| 942 |
_2lcc _cREF |
||
| 999 |
_c217122 _d217122 |
||